Data acquisition system with embedded digital signal processor for instrumentation/control applications (design and implementation) /
Saved in:
| Main Author: | |
|---|---|
| Format: | Thesis |
| Language: | English |
| Published: |
Petaling Jaya
: International Islamic University Malaysia,
1998
|
| Subjects: | |
| Tags: |
Add Tag
No Tags, Be the first to tag this record!
|
| LEADER | 011460000a22003010004500 | ||
|---|---|---|---|
| 001 | 149446 | ||
| 005 | 20090121160500.0 | ||
| 008 | 980909s1998 eng | ||
| 035 | |a 558901 | ||
| 035 | |a (Sirsi) 149446 | ||
| 040 | |a UIAM |b eng | ||
| 049 | |b m | ||
| 050 | |a TS158.6 | ||
| 100 | 0 | |a Ismail, Yousuf | |
| 245 | 1 | 0 | |a Data acquisition system with embedded digital signal processor for instrumentation/control applications (design and implementation) / |c by Yousuf Ismail |
| 260 | 1 | |a Petaling Jaya |b : International Islamic University Malaysia, |c 1998 | |
| 300 | |a iii, 102 p. : ill. ; 30 cm. | ||
| 502 | |a (B.S. in Engineering)--International Islamic University, 1998 | ||
| 533 | |a 1 copy | ||
| 596 | |a 1 | ||
| 650 | 0 | |a Automatic data collection systems | |
| 650 | 0 | |a Process control | |
| 650 | 0 | |a Engineering instruments | |
| 655 | 0 | 7 | |a Theses, IIUM local |
| 710 | 2 | |a International Islamic University Malaysia. |b Kulliyyah of Engineering | |
| 900 | |a asm-rs-nm | ||
| 999 | |c 431124 |d 462615 | ||
| 952 | |0 0 |6 T TS 000158.6 I83D 1998 |7 0 |8 THESES |9 750796 |a IIUM |b IIUM |c MULTIMEDIA |g 0.00 |o t TS158.6I83D 1998 |p 00000558904 |r 2017-10-20 |t 1 |v 0.00 |y THESIS | ||
